000 00284nam a2200121Ia 4500
008 140130s9999 xx 000 0 und d
245 _cNorman bridwell
_aClifford the Big Red Dog
260 _bScholastic,
_c1963
440 _v1
521 _aGrade 1
942 _cBK
999 _c39976
_d39976